000 00533nam a2200181Ia 4500
999 _c1785
_d1785
003 OSt
005 20201109153130.0
008 190216s9999||||xx |||||||||||||| ||und||
020 _a9788123913001
040 _coclc
082 _a631.53
_bSIN/G
100 _aSingh, Sultan
_96360
245 0 _aGenetic Basis And Methods Of Plant Breeding /
_cSultan Singh ; I S Pawar
260 _bCbs Publishers,
_c2007.
_aNew Delhi:
300 _a370p
650 _aBotany
942 _cBK
_2ddc
_h631.53
_iSIN/G
_k631.53
_mSIN/G